| 000 | 004350000a22001690004500 | ||
|---|---|---|---|
| 020 | _a8120407571 | ||
| 060 | _a100 | ||
| 082 | _a582.160 524 82 SUB | ||
| 100 | _aRodriguez - Barrueio, C. | ||
| 100 | _aSubba Rao, N.S. | ||
| 245 | _aSymbiosis innitrogen - fixing trees | ||
| 260 | _aNew Delhi, Oxford & IBH publishing co. pvt. ltd | ||
| 260 | _c1993 | ||
| 300 | _a271 | ||
| 650 | _aTrees/ nitrogen - fixing trees | ||
| 942 | _cBK | ||
| 999 |
_c349598 _d349598 |
||